Estadísticas para Líderes Mundiales

Haz click aquí para intentar la prueba.

Estadísticas generales

  • Esta prueba ha sido intentada 1.579 veces
    (800 desde el último reinicio)
  • La puntuación promedio es 17 de 37

Estadísticas de respuestas

PosiciónAñosLíder% Correcto
Presidente de EE. UU.2009-2017Barack Obama
98%
Presidente de EE. UU.2017-2021Donald Trump
98%
Presidente de EE. UU2021-Joe Biden
89%
Presidente Ruso
(de facto)
2000-Vladímir Putin
87%
Canciller Alemán2005-2021Angela Merkel
83%
Presidente Francés2017-Emmanuel Macron
78%
Presidente Cubano2008-2018Raúl Castro
76%
Dictador Norcoreano2011-Kim Jong-un
73%
Primer Ministro Español2018-Pedro Sánchez
73%
Primer Ministro Español2011-2018Mariano Rajoy
71%
Primer Ministro Canadiense2015-Justin Trudeau
60%
Primer Ministro Británico2019-2022Boris Johnson
57%
Primer Ministro Italiano2001-2006
2008-2011
Silvio Berlusconi
57%
Presidente Mexicano2018-Andrés Manuel
López Obrador
55%
Primer Ministro Británico2022-Rishi Sunak
55%
Líder Chino2012-Xi Jinping
53%
Primer Ministro de Israel2009-2021
2022-
Benjamín Netanyahu
48%
Presidente Francés2007-2012Nicolas Sarkozy
48%
Presidente Francés2012-2017François Hollande
47%
Presidente de Perú1990-2000Alberto Fujimori
42%
Dictador Sirio2000-Bashar al-Ásad
41%
Presidente Mexicano2000-2006Vicente Fox
33%
Primer Ministro Italiano2022-Giorgia Meloni
32%
Primer Ministro Británico1997-2007Tony Blair
32%
Presidente Ruso1991-1999Borís Yeltsin
30%
Primer Ministro Japonés2012-2020Shinzō Abe
30%
Dictador de Zimbabue1987-2017Robert Mugabe
27%
Canciller Alemán2021-Olaf Scholz
25%
Presidente de Cuba2018-Miguel Díaz-Canel
22%
Primer Ministro de India2014-Narendra Modi
21%
Primer Ministro Italiano2018-2021Giuseppe Conte
20%
Presidente de Sudáfrica2009-2018Jacob Zuma
18%
Líder Supremo de Irán1989-Alí Jamenei
16%
Primer Ministro Canadiense2006-2015Stephen Harper
15%
Presidente de Irán2013-2021Hasán Rouhaní
13%
Primer Ministro de Australia2022-Anthony Albanese
12%
Primer Ministro Italiano2016-2018Paolo Gentiloni
11%

Distribución de puntuación

Porcentaje por número respondido

Porcentaje de gente con cada puntuación

Historial de tus puntuaciones

No has intentado esta prueba desde el último reinicio